| 000 | 00477nam a2200181Ia 4500 | ||
|---|---|---|---|
| 001 | 18580 | ||
| 005 | 20260306171641.0 | ||
| 008 | 260306s9999||||xx |||||||||||||| ||und|| | ||
| 041 | _aESP | ||
| 082 |
_a658.409 _bS24 |
||
| 100 |
_aSchultz, Howard _eAUT |
||
| 245 | 0 |
_aEl desafío Starbucks: _bcómo Starbucks luchó por su vida sin perder su alma |
|
| 260 | _c2012 | ||
| 300 |
_axiv, 335 páginas : _c24 cm. |
||
| 650 | _aGEN | ||
| 654 | _aCAN | ||
| 942 |
_cLIB _dJUS _fJUS _2ddc _n |
||
| 999 |
_c18580 _d18580 |
||